Śakīla Badāyūnī aura unakī śāyarī / (Record no. 61384)

MARC details
000 -LEADER
fixed length control field 00641cam a22002054a 4500
001 - CONTROL NUMBER
control field sa 65000117
003 - CONTROL NUMBER IDENTIFIER
control field DLC
005 - DATE AND TIME OF LATEST TRANSACTION
control field 20260227112101.0
008 - FIXED-LENGTH DATA ELEMENTS--GENERAL INFORMATION
fixed length control field 840418s1959 ii a 000 0 urdo
010 ## - LIBRARY OF CONGRESS CONTROL NUMBER
LC control number sa 65000117
040 ## - CATALOGING SOURCE
Original cataloging agency DLC
Transcribing agency DLC
050 00 - LIBRARY OF CONGRESS CALL NUMBER
Classification number PK2200.S43191655
Item number S52 1959
100 0# - MAIN ENTRY--PERSONAL NAME
Personal name Shakīl Badāyūnī,
Dates associated with a name 1916-1970.
245 10 - TITLE STATEMENT
Title Śakīla Badāyūnī aura unakī śāyarī /
Statement of responsibility, etc. sampādaka, Prakāśa Paṇḍita.
250 ## - EDITION STATEMENT
Edition statement 1. saṃskaraṇa.
260 ## - PUBLICATION, DISTRIBUTION, ETC.
Place of publication, distribution, etc. Dillī :
Name of publisher, distributor, etc. Rājapāla eṇḍa Sanza,
Date of publication, distribution, etc. 1959.
300 ## - PHYSICAL DESCRIPTION
Extent 96 p. :
Other physical details ill. ;
Dimensions 19 cm.
546 ## - LANGUAGE NOTE
Language note In Urdu
Information code or alphabet (in Devanagari).
700 1# - ADDED ENTRY--PERSONAL NAME
Personal name Panḍit, Prakāsh,
Dates associated with a name 1924-

No items available.

Powered by Koha